000 00729nam a22002177a 4500
003 OSt
005 20151216104746.0
008 150128b xxu||||| |||| 00| 0 eng d
020 _a84-272-4926-8
040 _cBMC
082 _a823
100 1 _aArthur, Robert
_929824
245 1 0 _aAlfred Hitchcock y los tres investigadores en Misterio del caballo decapitado
_cRobert Arthur ; [traducción de Ramón Margalef Llambrich]
260 _aBarcelona
_bMolino
_c1986
300 _a200 p.
_bil.
_c21 cm
490 _aAlfred Hitchcock y los tres investigadores
595 _aTraducción de: The mystery of the headless horse
650 2 4 _911162
_aNovela inglesa
700 1 _aMargalef, Ramón
_920240
_d1919-2004
942 _2ddc
_cBK
999 _c17793
_d17793